Pricing policies and procedures

Salvato in:
Dettagli Bibliografici
Autore principale: Hanna, Nessim
Altri autori: Dodge, H. Robert
Natura: Libro
Lingua:inglese
Pubblicazione: Basingstoke Macmillan Business 1997
Soggetti:
Tags: Aggiungi Tag
Nessun Tag, puoi essere il primo ad aggiungerne!!

MARC

LEADER 00000nam$a2200000$$$4500
001 0055959
005 20221129110009.6
020 |a 0-333-69413-9 
041 0 |a eng 
044 |a GB 
245 1 0 |a Pricing  |b policies and procedures  |c Nessim Hanna and H. Robert Dodge 
264 1 |a Basingstoke  |b Macmillan Business  |c 1997 
300 |a xii, 216 s. 
610 2 0 |a tvorba cien 
610 2 0 |a ceny 
610 2 0 |a politika cenová 
610 2 0 |a relácie cenové 
610 2 0 |a teórie ekonomické 
610 2 0 |a náklady 
610 2 0 |a konkurencia 
610 2 0 |a produkty 
610 2 0 |a ceny maloobchodné 
610 2 0 |a ceny služieb 
610 2 0 |a trh medzinárodný 
100 1 |a Hanna, Nessim 
700 1 |a Dodge, H. Robert